|
|
|
|
| LEADER |
01315nam a2200325 a 4500 |
| 001 |
3738330 |
| 010 |
|
|
|a 81133520
|
| 020 |
|
|
|a 0140431179 (pbk.) :
|c £0.95 ($2.95 U.S.)
|
| 040 |
|
|
|a DLC
|c DLC
|d DLC
|
| 082 |
0 |
0 |
|a 823/.8
|2 19
|
| 100 |
1 |
|
|a Stevenson, Robert Louis,
|d 1850-1894.
|
| 245 |
1 |
4 |
|a The strange case of Dr. Jekyll and Mr. Hyde, and other stories /
|c Robert Louis Stevenson ; edited with an introduction by Jenni Calder.
|
| 260 |
|
|
|a Harmondsworth, Middlesex, England ;
|a New York :
|b Penguin Books,
|c 1979.
|
| 300 |
|
|
|a 303 p. ;
|c 18 cm.
|
| 490 |
0 |
|
|a The Penguin English library
|
| 500 |
|
|
|a Spine title: Dr. Jekyll and Mr. Hyde.
|
| 504 |
|
|
|a Includes bibliographical references.
|
| 541 |
1 |
|
|e 00011867
|
| 650 |
|
0 |
|a Physicians
|v Fiction.
|
| 650 |
|
0 |
|a Multiple personality
|v Fiction.
|
| 650 |
|
0 |
|a Self-experimentation in medicine
|v Fiction.
|
| 651 |
|
0 |
|a London (England)
|v Fiction.
|
| 655 |
|
7 |
|a Psychological fiction.
|2 lcsh
|
| 655 |
|
7 |
|a Horror fiction.
|2 gsafd
|
| 700 |
1 |
|
|a Calder, Jenni.
|
| 740 |
0 |
|
|a Dr. Jekyll and Mr. Hyde.
|
| 852 |
4 |
|
|a Ayesha Abed Library
|j General Shelf.
|
| 942 |
0 |
0 |
|0 1
|
| 999 |
|
|
|c 2834
|d 2834
|
| 952 |
|
|
|0 0
|1 0
|2 ddc
|4 0
|6 823_800000000000000_STE
|7 0
|9 2591
|a BRACUL
|b BRACUL
|c GEN
|d 2009-07-26
|g 582.00
|l 10
|m 54
|o 823.8 STE
|p 3010011867
|r 2026-01-14
|s 2026-01-04
|t 1
|w 2009-07-26
|y BK
|x $6.95
|